| 000 -LEADER |
| fixed length control field |
00824nam a2200193 a 4500 |
| 020 ## - INTERNATIONAL STANDARD BOOK NUMBER |
| ISBN |
0852381476 : |
| 040 ## - CATALOGING SOURCE |
| Transcribing agency |
UKM |
| 082 ## - DEWEY DECIMAL CLASSIFICATION NUMBER |
| Classification number |
639 PUB 1987 A045 Or. |
| 110 2# - MAIN ENTRY--CORPORATE NAME |
| Corporate name or jurisdiction name as entry element |
Food and Agriculture Organization of the United Nations |
| 245 10 - TITLE STATEMENT |
| Title |
Catalogue of small-scale fishing gear = |
| Remainder of title |
Catalogue des engins de peche artisanale = Catalogo de artes de pesca artesanal / |
| 250 ## - EDITION STATEMENT |
| Edition statement |
2nd ed |
| 260 ## - PUBLICATION, DISTRIBUTION, ETC. (IMPRINT) |
| Place of publication |
Farnham : |
| Name of publisher |
Published by arrangement with the Food and Agriculture Organization of the United Nations by Fishing News, |
| Year of publication |
c1987 |
| 300 ## - PHYSICAL DESCRIPTION |
| Number of Pages |
224 p. : |
| Other physical details |
ill. ; |
| Dimensions |
31 cm |
| 500 ## - GENERAL NOTE |
| General note |
Previous ed.: published as FAO catalogue of small-scale fishing gear. 1975 |
| 500 ## - GENERAL NOTE |
| General note |
Parallel English, French and Spanish text |
| 650 #0 - SUBJECT ADDED ENTRY--TOPICAL TERM |
| Topical Term |
Fisheries |
| 710 20 - ADDED ENTRY--CORPORATE NAME |
| Corporate name or jurisdiction name as entry element |
Food and Agriculture Organization of the United Nations. |
| 942 ## - ADDED ENTRY ELEMENTS (KOHA) |
| Koha item type |
សៀវភៅភាសាអង់គ្លេស |
| 952 ## - LOCATION AND ITEM INFORMATION (KOHA) |
| Withdrawn status [LOCAL, KOHA] |
0 |